[Event "Torun op"]
[Site "Torun"]
[Date "2002.??.??"]
[Round "3"]
[White "Majdzinski, Michal"]
[Black "Manski, Dirk"]
[Result "1-0"]
[WhiteElo "1400"]
[BlackElo "1600"]
[PlyCount "37"]
[EventDate "2002.??.??"]
[EventType "swiss"]
[EventRounds "9"]
[EventCountry "POL"]
[SourceTitle "EXT 2007"]
[Source "ChessBase"]
[SourceDate "2006.11.23"]
[SourceVersion "1"]
[SourceVersionDate "2006.11.23"]
[SourceQuality "1"]

1. d4 d5 2. Nf3 Nc6 3. Nc3 Nf6 4. Bf4 a6 5. e3 Bf5 6. Bd3 Bxd3 7. cxd3 e6 8. e4 Bb4 9. Ne5 Nxd4 10. Qa4+ Nc6 11. Nxc6 Bxc3+ 12. bxc3 bxc6 13. Qxc6+ Nd7 14. Bxc7 Qc8 15. Rb1 Ra7 16. Rb8 Ke7 17. Bd6+ Kf6 18. Rxc8 Rxc8 19. Qxc8 1-0